[Event "43. Olimpiada Batumi 2018 Femenina"]
[Site "Batumi GEO"]
[Date "2018.09.30"]
[Round "6.1"]
[White "de Leon, Patricia"]
[Black "Dornbusch, Tatiana"]
[Result "1/2-1/2"]
[WhiteElo "1929"]
[BlackElo "2271"]
[PlyCount "123"]
[EventDate "2018.09.24"]
[EventType "team-swiss"]
[EventRounds "11"]
[EventCountry "GEO"]
[SourceTitle "Ajedrez en Madrid"]
[Source "lmi"]
[SourceDate "2018.09.24"]
[WhiteTeam "Uruguay"]
[BlackTeam "Monaco"]
[WhiteTeamCountry "URU"]
[BlackTeamCountry "MNC"]

1. d4 Nf6 2. c4 c5 3. d5 b5 4. cxb5 a6 5. bxa6 Bxa6 6. Nc3 g6 7. e4 Bxf1 8.
Kxf1 d6 9. Nf3 Bg7 10. g3 Nbd7 11. Kg2 O-O 12. a4 Qa5 13. Bd2 Rfb8 14. Nb5 Qb6
15. Qc2 Ne8 16. Bc3 Nc7 17. Nxc7 Qxc7 18. Bxg7 Kxg7 19. Nd4 Ne5 20. Nb5 Qa5 21.
b3 Qb4 22. Rhe1 Rc8 23. f4 Ng4 24. Qc3+ Qxc3 25. Nxc3 Rab8 26. Rab1 Rb4 27. h3
Nh6 28. Na2 Rd4 29. Rbd1 Rxd1 30. Rxd1 Rb8 31. Rb1 f5 32. e5 dxe5 33. fxe5 Nf7
34. e6 Nd6 35. b4 cxb4 36. Rxb4 Rc8 37. Rb2 Nc4 38. Re2 Nb6 39. Nb4 Nxa4 40.
Nc6 Kf6 41. g4 Nc3 42. g5+ Kg7 43. Nxe7 Nxe2 44. Nxc8 Nf4+ 45. Kg3 Nxd5 46. h4
Kf8 47. h5 Ke8 48. hxg6 hxg6 49. Nd6+ Ke7 50. Nf7 Kxe6 51. Nh8 Ne7 52. Kf4 Nd5+
53. Kg3 Ke5 54. Nxg6+ Ke4 55. Kf2 Ne3 56. Ne7 f4 57. g6 Ng4+ 58. Ke2 f3+ 59.
Kf1 Ke3 60. Nf5+ Kf4 61. g7 Nf6 62. Nd4 1/2-1/2

[Event "43. Olimpiada Batumi 2018 Femenina"]
[Site "Batumi GEO"]
[Date "2018.09.30"]
[Round "6.2"]
[White "Jose Polanco, Kenia"]
[Black "Silva Rosas, Natalia"]
[Result "0-1"]
[WhiteElo "1872"]
[BlackElo "1833"]
[PlyCount "54"]
[EventDate "2018.09.24"]
[EventType "team-swiss"]
[EventRounds "11"]
[EventCountry "GEO"]
[SourceTitle "Ajedrez en Madrid"]
[Source "lmi"]
[SourceDate "2018.09.24"]
[WhiteTeam "Monaco"]
[BlackTeam "Uruguay"]
[WhiteTeamCountry "MNC"]
[BlackTeamCountry "URU"]

1. d4 f5 2. g3 Nf6 3. Bg2 g6 4. Nh3 Bg7 5. c4 d6 6. d5 O-O 7. Nf4 e5 8. dxe6 c6
9. h4 Ne4 10. Nd2 Nc5 11. O-O Nxe6 12. Nxe6 Bxe6 13. Qb3 Qe7 14. Qa3 Nd7 15.
Rb1 f4 16. c5 Bf5 17. cxd6 Qxe2 18. Bf3 Qd3 19. Qb4 fxg3 20. fxg3 Bd4+ 21. Kg2
Rae8 22. Ra1 Re2+ 23. Kh1 Be6 24. Bxe2 Rxf1+ 25. Bxf1 Qe3 26. Nf3 Qxf3+ 27. Kh2
Qf2+ 0-1

[Event "43. Olimpiada Batumi 2018 Femenina"]
[Site "Batumi GEO"]
[Date "2018.09.30"]
[Round "6.3"]
[White "Quevedo, Andreina"]
[Black "Lebel-Arias, Julia"]
[Result "1-0"]
[WhiteElo "1809"]
[BlackElo "1724"]
[PlyCount "85"]
[EventDate "2018.09.24"]
[EventType "team-swiss"]
[EventRounds "11"]
[EventCountry "GEO"]
[SourceTitle "Ajedrez en Madrid"]
[Source "lmi"]
[SourceDate "2018.09.24"]
[WhiteTeam "Uruguay"]
[BlackTeam "Monaco"]
[WhiteTeamCountry "URU"]
[BlackTeamCountry "MNC"]

1. e4 g6 2. d4 Bg7 3. Nf3 c5 4. Nc3 Qa5 5. Be3 Nc6 6. Qd2 cxd4 7. Nxd4 Nf6 8.
f3 O-O 9. O-O-O d6 10. g4 Ne5 11. Be2 Be6 12. Nxe6 fxe6 13. g5 Ne8 14. f4 Nc6
15. Kb1 Nc7 16. h4 b5 17. Bg4 b4 18. Ne2 d5 19. Nd4 Nxd4 20. Bxd4 Bxd4 21. Qxd4
Rxf4 22. h5 Rxe4 23. Qd3 Qb6 24. Qh3 Qe3 25. Qh4 h6 26. gxh6 g5 27. Qh2 Qf4 28.
h7+ Kxh7 29. Bf3 Re3 30. Be2 e5 31. Qg2 Rg3 32. Qh2 Re3 33. Qg2 Rg3 34. Qh2 e4
35. Rdf1 Qe3 36. h6 Ne6 37. Qh5 Rf3 38. Bxf3 exf3 39. Qf7+ Kh8 40. Re1 Rf8 41.
Qxf8+ Nxf8 42. Rxe3 g4 43. Rg1 1-0

[Event "43. Olimpiada Batumi 2018 Femenina"]
[Site "Batumi GEO"]
[Date "2018.09.30"]
[Round "6.4"]
[White "Berezovsky, Fiorina"]
[Black "Malan, Lucia"]
[Result "0-1"]
[WhiteElo "1526"]
[BlackElo "1785"]
[PlyCount "60"]
[EventDate "2018.09.24"]
[EventType "team-swiss"]
[EventRounds "11"]
[EventCountry "GEO"]
[SourceTitle "Ajedrez en Madrid"]
[Source "lmi"]
[SourceDate "2018.09.24"]
[WhiteTeam "Monaco"]
[BlackTeam "Uruguay"]
[WhiteTeamCountry "MNC"]
[BlackTeamCountry "URU"]

1. e4 c5 2. Nf3 d6 3. d4 cxd4 4. Nxd4 Nf6 5. Nc3 g6 6. Be3 Bg7 7. f3 Nc6 8. Qd2
O-O 9. Bc4 Bd7 10. O-O-O Rc8 11. Bb3 Nxd4 12. Bxd4 b5 13. Bxa7 b4 14. Nd5 Nxd5
15. Bxd5 Ba4 16. b3 Qc7 17. Be3 Bb5 18. e5 Bxe5 19. Be4 Bc3 20. Qf2 Qa5 21. Rd5
Qxa2 22. Kd1 Qb1+ 23. Bc1 Bc6 24. Ra5 Bxe4 25. fxe4 Bd4 26. Qd2 Be3 27. Ra1
Qxa1 28. Qxe3 Rc3 29. Qf4 Qb1 30. Qf2 Rfc8 0-1

[Event "43. Olimpiada Batumi 2018 Femenina"]
[Site "Batumi GEO"]
[Date "2018.09.30"]
[Round "6.1"]
[White "Francis, Onkemetse"]
[Black "Eynula, Roza"]
[Result "0-1"]
[WhiteElo "1779"]
[BlackElo "2030"]
[PlyCount "72"]
[EventDate "2018.09.24"]
[EventType "team-swiss"]
[EventRounds "11"]
[EventCountry "GEO"]
[SourceTitle "Ajedrez en Madrid"]
[Source "lmi"]
[SourceDate "2018.09.24"]
[WhiteTeam "Botswana"]
[BlackTeam "South Korea"]
[WhiteTeamCountry "BOT"]

1. e4 e6 2. d4 d5 3. exd5 exd5 4. Bd3 Bd6 5. Ne2 Ne7 6. Bf4 O-O 7. O-O c6 8. c3
Bg4 9. Bxd6 Qxd6 10. Qc2 h5 11. f3 Be6 12. Nd2 Nd7 13. f4 Bg4 14. Ng3 Nf6 15.
Nf5 Nxf5 16. Bxf5 Rae8 17. Bd3 Be2 18. Rf2 Bxd3 19. Qxd3 Ng4 20. Rf3 c5 21. h3
c4 22. Qf5 Nh6 23. Qxh5 Re2 24. Rd1 Qe6 25. f5 Rxg2+ 26. Kxg2 Qe2+ 27. Kg3 Qxd1
28. Nf1 f6 29. Kg2 Qe2+ 30. Kg1 Rf7 31. Kh1 Re7 32. Kg1 Qd1 33. Kg2 Re2+ 34.
Kg1 Re1 35. Kg2 Qe2+ 36. Kg3 Rxf1 0-1

[Event "43. Olimpiada Batumi 2018 Femenina"]
[Site "Batumi GEO"]
[Date "2018.09.30"]
[Round "6.2"]
[White "Lee, Seyeon"]
[Black "Botlhole, Kgalalelo"]
[Result "1-0"]
[WhiteElo "1727"]
[BlackElo "1719"]
[PlyCount "117"]
[EventDate "2018.09.24"]
[EventType "team-swiss"]
[EventRounds "11"]
[EventCountry "GEO"]
[SourceTitle "Ajedrez en Madrid"]
[Source "lmi"]
[SourceDate "2018.09.24"]
[WhiteTeam "South Korea"]
[BlackTeam "Botswana"]
[BlackTeamCountry "BOT"]

1. e4 e5 2. Nf3 Nc6 3. Bc4 Bc5 4. Nc3 Nf6 5. d3 d6 6. Na4 Bb6 7. Nxb6 axb6 8.
Bg5 h6 9. Bh4 Na5 10. Qe2 Nxc4 11. dxc4 Be6 12. Nd2 Qe7 13. f3 Bd7 14. a3 Qe6
15. Bxf6 Qxf6 16. Nf1 Be6 17. Ne3 Qg6 18. Nd5 Bxd5 19. cxd5 O-O 20. g4 Qg5 21.
h4 Qf4 22. Kf2 Ra4 23. c3 Raa8 24. Rag1 c6 25. Rd1 Rad8 26. Qe3 Qxe3+ 27. Kxe3
c5 28. c4 Ra8 29. Rd3 Ra4 30. Rc1 g6 31. Rb3 Ra6 32. f4 Re8 33. f5 gxf5 34.
gxf5 Kh7 35. Rg1 Rg8 36. Rxg8 Kxg8 37. Kd2 Kh7 38. Rg3 Ra4 39. Kd3 Ra8 40. f6
Rg8 41. Rxg8 Kxg8 42. h5 Kf8 43. Kc3 Ke8 44. Kb3 b5 45. cxb5 b6 46. Kc4 Kd8 47.
b4 Kc7 48. a4 Kb7 49. bxc5 bxc5 50. a5 Ka7 51. b6+ Ka6 52. Kb3 Kb7 53. Kc3 Ka6
54. Kc4 Kb7 55. Kb5 Kb8 56. a6 Ka8 57. Kc6 c4 58. b7+ Kb8 59. Kb6 1-0

[Event "43. Olimpiada Batumi 2018 Femenina"]
[Site "Batumi GEO"]
[Date "2018.09.30"]
[Round "6.3"]
[White "Ndachipiwa, Kgomotso"]
[Black "Park, Sunwoo"]
[Result "0-1"]
[WhiteElo "1611"]
[BlackElo "1793"]
[PlyCount "154"]
[EventDate "2018.09.24"]
[EventType "team-swiss"]
[EventRounds "11"]
[EventCountry "GEO"]
[SourceTitle "Ajedrez en Madrid"]
[Source "lmi"]
[SourceDate "2018.09.24"]
[WhiteTeam "Botswana"]
[BlackTeam "South Korea"]
[WhiteTeamCountry "BOT"]

1. d4 d5 2. Bf4 Nf6 3. Nf3 e6 4. e3 Bd6 5. Ne5 O-O 6. Bd3 b6 7. Nd2 c5 8. c3
Bb7 9. O-O Qc7 10. h3 Nbd7 11. Ndf3 h6 12. Nxd7 Nxd7 13. Bxd6 Qxd6 14. Re1 Rfe8
15. Qd2 e5 16. Bb5 Bc6 17. Bxc6 Qxc6 18. dxc5 Nxc5 19. Rad1 Rad8 20. Qc2 b5 21.
Re2 a6 22. Red2 Ne4 23. Re2 Qc4 24. a3 a5 25. Ne1 Re6 26. Qd3 Red6 27. Nf3 f6
28. Ree1 a4 29. Qc2 Nc5 30. Nd2 Qd3 31. Qc1 Qg6 32. Qb1 e4 33. Nf1 Nd3 34. Re2
f5 35. Red2 Qg5 36. Rxd3 exd3 37. Qxd3 Rg6 38. g3 Rb6 39. Kg2 Qf6 40. Nd2 Qe6
41. Qd4 Rc6 42. Nf3 Rc4 43. Qd3 g6 44. Nd4 Qb6 45. Qe2 Kf7 46. Qf3 Qb8 47. g4
Qb6 48. gxf5 gxf5 49. Qxf5+ Qf6 50. Qxf6+ Kxf6 51. Nxb5 Rc5 52. Nd4 Rb8 53. Rd2
Rc7 54. Ne2 Rcb7 55. Rxd5 Rxb2 56. Nd4 Ra2 57. Rd6+ Kg7 58. Ne6+ Kh7 59. Nc5
Rxa3 60. Ra6 Rxc3 61. Nxa4 Rg8+ 62. Kf3 Rc4 63. Ra7+ Kg6 64. Ra6+ Kh5 65. Nb6
Rf8+ 66. Kg3 Rg8+ 67. Kf3 Rf8+ 68. Kg2 Rc2 69. Ra5+ Kg6 70. Nd5 Rcxf2+ 71. Kg1
Rb2 72. Nf4+ Kf7 73. Rf5+ Kg8 74. Re5 Ra8 75. Ng2 Ra1+ 76. Kh2 Raa2 77. Kg3
Rxg2+ 0-1

[Event "43. Olimpiada Batumi 2018 Femenina"]
[Site "Batumi GEO"]
[Date "2018.09.30"]
[Round "6.4"]
[White "Kim, Yubin"]
[Black "Besa, Masaiti"]
[Result "1-0"]
[WhiteElo "1671"]
[BlackElo "1777"]
[PlyCount "49"]
[EventDate "2018.09.24"]
[EventType "team-swiss"]
[EventRounds "11"]
[EventCountry "GEO"]
[SourceTitle "Ajedrez en Madrid"]
[Source "lmi"]
[SourceDate "2018.09.24"]
[WhiteTeam "South Korea"]
[BlackTeam "Botswana"]
[BlackTeamCountry "BOT"]

1. e4 c5 2. Nf3 d6 3. d4 cxd4 4. Nxd4 Nf6 5. Nc3 a6 6. Bc4 e6 7. Be3 Be7 8. Bb3
O-O 9. Qe2 Qc7 10. O-O-O Nc6 11. Rhg1 b5 12. g4 b4 13. Nxc6 Qxc6 14. Nd5 exd5
15. g5 Qc7 16. gxf6 Bxf6 17. Bxd5 Rb8 18. Kb1 a5 19. Bf4 Be5 20. Qf3 a4 21. Bh6
Kh8 22. Bxg7+ Bxg7 23. Rxg7 Rg8 24. Rxf7 Bd7 25. Qf6+ 1-0

[Event "43. Olimpiada Batumi 2018 Femenina"]
[Site "Batumi GEO"]
[Date "2018.09.30"]
[Round "6.1"]
[White "Puuska, Heini"]
[Black "Yazji, Mada"]
[Result "1-0"]
[WhiteElo "1961"]
[BlackElo "1726"]
[PlyCount "97"]
[EventDate "2018.09.24"]
[EventType "team-swiss"]
[EventRounds "11"]
[EventCountry "GEO"]
[SourceTitle "Ajedrez en Madrid"]
[Source "lmi"]
[SourceDate "2018.09.24"]
[WhiteTeam "Finland"]
[BlackTeam "Syria"]
[WhiteTeamCountry "FIN"]
[BlackTeamCountry "SYR"]

1. d4 d5 2. Bf4 Nf6 3. e3 e6 4. Bd3 Nbd7 5. Nf3 c5 6. c3 Be7 7. Nbd2 b6 8. h3
Bb7 9. O-O O-O 10. Ne5 Nxe5 11. dxe5 Ne4 12. Bxe4 dxe4 13. Qg4 Qxd2 14. Bh6 g6
15. Rad1 Rfd8 16. Rxd2 Rxd2 17. Rd1 Rad8 18. Rxd2 Rxd2 19. b4 c4 20. f4 b5 21.
f5 exf5 22. Qg3 Rd1+ 23. Kh2 Rd3 24. e6 Bd6 25. exf7+ Kxf7 26. Bf4 Ke6 27. Bxd6
Rxd6 28. Qh4 h5 29. Qg3 Kd7 30. Qe5 a6 31. Kg3 Kc6 32. Kf4 Kd7 33. a4 bxa4 34.
Qa5 a3 35. Qxa3 Rd2 36. Qa4+ Kd6 37. Qa5 Rxg2 38. Qb6+ Bc6 39. Qxa6 Kd5 40.
Qa5+ Kd6 41. Qc5+ Kd7 42. b5 Bb7 43. b6 Bc6 44. Qe5 Bb7 45. Qc7+ Ke6 46. Qxc4+
Bd5 47. Qc8+ Kf6 48. Qh8+ Kf7 49. Ke5 1-0

[Event "43. Olimpiada Batumi 2018 Femenina"]
[Site "Batumi GEO"]
[Date "2018.09.30"]
[Round "6.2"]
[White "Alkaseer, Roaa"]
[Black "Dannenberg, Alia"]
[Result "0-1"]
[WhiteElo "1708"]
[BlackElo "1926"]
[PlyCount "114"]
[EventDate "2018.09.24"]
[EventType "team-swiss"]
[EventRounds "11"]
[EventCountry "GEO"]
[SourceTitle "Ajedrez en Madrid"]
[Source "lmi"]
[SourceDate "2018.09.24"]
[WhiteTeam "Syria"]
[BlackTeam "Finland"]
[WhiteTeamCountry "SYR"]
[BlackTeamCountry "FIN"]

1. e4 g6 2. d4 Bg7 3. Nc3 d6 4. f4 e6 5. Nf3 Ne7 6. Bc4 a6 7. a4 O-O 8. O-O d5
9. Be2 dxe4 10. Nxe4 b6 11. Ne5 Bb7 12. Bf3 Nbc6 13. c3 Rb8 14. Qe2 Nd5 15. Ng5
Nxe5 16. fxe5 c5 17. Bg4 Nc7 18. Be3 cxd4 19. cxd4 h6 20. Nf3 Nd5 21. Bd2 Rc8
22. Rac1 Qd7 23. b3 Qe7 24. Rxc8 Rxc8 25. Rc1 Rxc1+ 26. Bxc1 h5 27. Bh3 Qb4 28.
Qc4 Qxc4 29. bxc4 Nc3 30. Ba3 Nxa4 31. Nd2 Bf8 32. Bd6 Nb2 33. Kf1 Bh6 34. Nf3
Nxc4 35. Ke2 Bf8 36. Bc7 b5 37. Ng5 Be7 38. Nxe6 Bxg2 39. Bxg2 fxe6 40. Bb7 b4
41. Bxa6 Na3 42. Bd3 Kf7 43. Kd1 b3 44. Kc1 Nc2 45. Bxc2 bxc2 46. Kxc2 g5 47.
Kd3 g4 48. Ke4 Bb4 49. d5 Be1 50. d6 Ke8 51. Bb6 g3 52. hxg3 Bxg3 53. Bg1 h4
54. Kd4 h3 55. Kc4 Bxe5 56. Kc5 Kd7 57. Kc4 h2 0-1

[Event "43. Olimpiada Batumi 2018 Femenina"]
[Site "Batumi GEO"]
[Date "2018.09.30"]
[Round "6.3"]
[White "Norlamo, Sarabella"]
[Black "Mahmoud, Roula"]
[Result "1-0"]
[WhiteElo "1874"]
[BlackElo "1795"]
[PlyCount "97"]
[EventDate "2018.09.24"]
[EventType "team-swiss"]
[EventRounds "11"]
[EventCountry "GEO"]
[SourceTitle "Ajedrez en Madrid"]
[Source "lmi"]
[SourceDate "2018.09.24"]
[WhiteTeam "Finland"]
[BlackTeam "Syria"]
[WhiteTeamCountry "FIN"]
[BlackTeamCountry "SYR"]

1. e4 c5 2. Nf3 e6 3. d4 cxd4 4. Nxd4 Nf6 5. Nc3 d6 6. Be2 a6 7. O-O Be7 8. Be3
Qc7 9. f4 b5 10. Bf3 Bb7 11. e5 dxe5 12. fxe5 Nfd7 13. Bxb7 Qxb7 14. Qg4 Nc6
15. Nxc6 Qxc6 16. Qf4 O-O 17. Rf2 Rac8 18. Qg3 Kh8 19. Raf1 f5 20. exf6 Nxf6
21. Qh3 Rfd8 22. Kh1 Qc4 23. Rf4 Qc6 24. R4f2 Bb4 25. Qh4 Bxc3 26. bxc3 Qxc3
27. Bh6 Nd7 28. Bd2 Qc4 29. Qe7 Qc5 30. Qxe6 Rc6 31. Qxd7 Rg8 32. Bf4 Rf6 33.
Qc7 Qh5 34. Qc3 Rgf8 35. Qg3 Qd5 36. a3 Rg6 37. Qf3 Qc4 38. Qd3 Qc6 39. Qf3 Qc4
40. Qe3 Re6 41. Qd3 Qc8 42. Bg3 Rfe8 43. Qf5 h6 44. Qg4 Qc3 45. Rf8+ Kh7 46.
Qf5+ g6 47. Qf7+ Qg7 48. Qxg7+ Kxg7 49. R1f7# 1-0

[Event "43. Olimpiada Batumi 2018 Femenina"]
[Site "Batumi GEO"]
[Date "2018.09.30"]
[Round "6.4"]
[White "Khalil, Manar"]
[Black "Rinne, Heini"]
[Result "0-1"]
[WhiteElo "1797"]
[BlackElo "1760"]
[PlyCount "54"]
[EventDate "2018.09.24"]
[EventType "team-swiss"]
[EventRounds "11"]
[EventCountry "GEO"]
[SourceTitle "Ajedrez en Madrid"]
[Source "lmi"]
[SourceDate "2018.09.24"]
[WhiteTeam "Syria"]
[BlackTeam "Finland"]
[WhiteTeamCountry "SYR"]
[BlackTeamCountry "FIN"]

1. e4 c6 2. d4 d5 3. exd5 cxd5 4. c4 Nf6 5. Nc3 e6 6. Nf3 Be7 7. Be2 Nc6 8. O-O
O-O 9. c5 b6 10. cxb6 axb6 11. Be3 Ba6 12. Rc1 Bxe2 13. Qxe2 Na5 14. Nb5 Nc4
15. b3 Nxe3 16. fxe3 Ne4 17. Ne5 Bg5 18. Rc7 f6 19. Nc6 Qe8 20. Rc1 Rxa2 21.
Qxa2 Bxe3+ 22. Kf1 Bxc1 23. Qc2 Bh6 24. Re7 Qh5 25. h3 Qf5+ 26. Kg1 Be3+ 27.
Kh2 Qf4+ 0-1

[Event "43. Olimpiada Batumi 2018 Femenina"]
[Site "Batumi GEO"]
[Date "2018.09.30"]
[Round "6.1"]
[White "Gomez Barrera, Javiera Belen"]
[Black "Vazquez Maccarini, Danitza"]
[Result "1/2-1/2"]
[WhiteElo "2035"]
[BlackElo "2082"]
[PlyCount "48"]
[EventDate "2018.09.24"]
[EventType "team-swiss"]
[EventRounds "11"]
[EventCountry "GEO"]
[SourceTitle "Ajedrez en Madrid"]
[Source "lmi"]
[SourceDate "2018.09.24"]
[WhiteTeam "Chile"]
[BlackTeam "Puerto Rico"]
[WhiteTeamCountry "CHI"]
[BlackTeamCountry "PUR"]

1. e4 e5 2. Nf3 Nc6 3. Bc4 Bc5 4. c3 Nf6 5. d3 d6 6. a4 a6 7. Bb3 Ba7 8. O-O h6
9. Re1 g5 10. Be3 g4 11. Nfd2 h5 12. Bxa7 Rxa7 13. Nc4 h4 14. Ne3 Ne7 15. d4
Ng6 16. Na3 Bd7 17. Nac4 g3 18. fxg3 hxg3 19. hxg3 Nxe4 20. Qf3 Ng5 21. Qf1 Ne4
22. Qf3 Ng5 23. Qf1 Ne4 24. Qf3 Ng5 1/2-1/2

[Event "43. Olimpiada Batumi 2018 Femenina"]
[Site "Batumi GEO"]
[Date "2018.09.30"]
[Round "6.2"]
[White "Comas Colon, Rinelly M"]
[Black "Abarca Gonzalez, Damaris"]
[Result "0-1"]
[WhiteElo "1720"]
[BlackElo "2037"]
[PlyCount "77"]
[EventDate "2018.09.24"]
[EventType "team-swiss"]
[EventRounds "11"]
[EventCountry "GEO"]
[SourceTitle "Ajedrez en Madrid"]
[Source "lmi"]
[SourceDate "2018.09.24"]
[WhiteTeam "Puerto Rico"]
[BlackTeam "Chile"]
[WhiteTeamCountry "PUR"]
[BlackTeamCountry "CHI"]

1. c3 Nf6 2. g3 e6 3. Bg2 d5 4. Nf3 c5 5. O-O Nc6 6. b3 Be7 7. Bb2 O-O 8. d3
Re8 9. Nbd2 d4 10. Re1 h6 11. Nf1 e5 12. e4 dxe3 13. fxe3 Bf8 14. e4 Ng4 15. h3
Nf6 16. Ne3 Nd4 17. Nd5 Nh7 18. Nxd4 exd4 19. b4 b6 20. b5 Rb8 21. Bc1 Bd6 22.
Bf4 Be5 23. Qh5 g6 24. Qxh6 Bg7 25. Qh4 g5 26. Qxh7+ Kxh7 27. Bxb8 Be6 28. Bxa7
Bxd5 29. exd5 Re3 30. Be4+ Kg8 31. Kg2 Qc7 32. Rxe3 dxe3 33. Bxb6 Qxb6 34. Re1
Bd4 35. Re2 Kf8 36. a4 Ke7 37. Bf5 Qa5 38. Ra2 Kf6 39. g4 0-1

[Event "43. Olimpiada Batumi 2018 Femenina"]
[Site "Batumi GEO"]
[Date "2018.09.30"]
[Round "6.3"]
[White "Jorquera Cabello, Valentina"]
[Black "Vega Jimenez, Keyshla M"]
[Result "1-0"]
[WhiteElo "2031"]
[BlackElo "1683"]
[PlyCount "71"]
[EventDate "2018.09.24"]
[EventType "team-swiss"]
[EventRounds "11"]
[EventCountry "GEO"]
[SourceTitle "Ajedrez en Madrid"]
[Source "lmi"]
[SourceDate "2018.09.24"]
[WhiteTeam "Chile"]
[BlackTeam "Puerto Rico"]
[WhiteTeamCountry "CHI"]
[BlackTeamCountry "PUR"]

1. e4 e5 2. Nf3 Nc6 3. Bb5 a6 4. Ba4 Nf6 5. O-O Be7 6. Re1 b5 7. Bb3 d6 8. c3
O-O 9. h3 Na5 10. Bc2 c5 11. d3 Nc6 12. Nbd2 h6 13. Nf1 Re8 14. Ng3 Bf8 15. a4
Rb8 16. axb5 axb5 17. Nf5 Be6 18. Bd2 Qc8 19. Ng3 Re7 20. Nh2 b4 21. Ba4 bxc3
22. bxc3 Reb7 23. Qf3 Be7 24. Nf5 Bxf5 25. exf5 Na5 26. Ng4 Nb3 27. Bxb3 Rxb3
28. Nxh6+ gxh6 29. Bxh6 Kh7 30. Bg5 Qg8 31. Bxf6 Bxf6 32. Ra4 Qg5 33. Rg4 Qh6
34. Qd5 R8b7 35. Kh2 Be7 36. Qxf7+ 1-0

[Event "43. Olimpiada Batumi 2018 Femenina"]
[Site "Batumi GEO"]
[Date "2018.09.30"]
[Round "6.4"]
[White "Maldonado Polo, Mariangeli"]
[Black "Pinilla Delgado, Sofia Ignacia"]
[Result "0-1"]
[WhiteElo "1274"]
[BlackElo "1710"]
[PlyCount "58"]
[EventDate "2018.09.24"]
[EventType "team-swiss"]
[EventRounds "11"]
[EventCountry "GEO"]
[SourceTitle "Ajedrez en Madrid"]
[Source "lmi"]
[SourceDate "2018.09.24"]
[WhiteTeam "Puerto Rico"]
[BlackTeam "Chile"]
[WhiteTeamCountry "PUR"]
[BlackTeamCountry "CHI"]

1. e4 d6 2. d4 Nf6 3. Nc3 g6 4. Be2 c6 5. Nf3 Nbd7 6. O-O Bg7 7. Be3 O-O 8. h3
b5 9. a3 a6 10. Qd2 Qc7 11. Bh6 Bb7 12. Bxg7 Kxg7 13. Bd3 Rac8 14. Rfe1 e5 15.
dxe5 dxe5 16. Bf1 Rfd8 17. Qe3 a5 18. g3 h6 19. Rad1 b4 20. axb4 axb4 21. Na2
c5 22. Nc1 Bxe4 23. Bd3 Bxd3 24. Nxd3 e4 25. Nh4 exd3 26. Rxd3 Re8 27. Qd2
Rxe1+ 28. Qxe1 Re8 29. Qd2 Ne5 0-1

[Event "43. Olimpiada Batumi 2018 Femenina"]
[Site "Batumi GEO"]
[Date "2018.09.30"]
[Round "6.1"]
[White "Mirza, Diana"]
[Black "Terao, Juliana Sayumi"]
[Result "1/2-1/2"]
[WhiteElo "1960"]
[BlackElo "2255"]
[PlyCount "65"]
[EventDate "2018.09.24"]
[EventType "team-swiss"]
[EventRounds "11"]
[EventCountry "GEO"]
[SourceTitle "Ajedrez en Madrid"]
[Source "lmi"]
[SourceDate "2018.09.24"]
[WhiteTeam "Ireland"]
[BlackTeam "Brazil"]
[WhiteTeamCountry "IRL"]
[BlackTeamCountry "BRA"]

1. e4 e5 2. Nf3 Nc6 3. g3 Nf6 4. Nc3 d6 5. Bg2 h6 6. O-O Be7 7. h3 Be6 8. d4
exd4 9. Nxd4 Nxd4 10. Qxd4 c6 11. f4 Qb6 12. Be3 Qxd4 13. Bxd4 O-O 14. b3 Rfd8
15. Ne2 Bd7 16. g4 c5 17. Bb2 Bc6 18. Ng3 g6 19. Rad1 Ne8 20. f5 Bf8 21. h4 Bd7
22. e5 Bc6 23. fxg6 fxg6 24. Bxc6 bxc6 25. Ne4 dxe5 26. Bxe5 Be7 27. g5 hxg5
28. hxg5 Rd5 29. Rxd5 cxd5 30. Nf6+ Bxf6 31. gxf6 Kf7 32. Kg2 Rc8 33. c3
1/2-1/2

[Event "43. Olimpiada Batumi 2018 Femenina"]
[Site "Batumi GEO"]
[Date "2018.09.30"]
[Round "6.2"]
[White "Librelato, Kathie Goulart"]
[Black "Plaza Reino, Mercedes"]
[Result "1-0"]
[WhiteElo "2110"]
[BlackElo "1727"]
[PlyCount "61"]
[EventDate "2018.09.24"]
[EventType "team-swiss"]
[EventRounds "11"]
[EventCountry "GEO"]
[SourceTitle "Ajedrez en Madrid"]
[Source "lmi"]
[SourceDate "2018.09.24"]
[WhiteTeam "Brazil"]
[BlackTeam "Ireland"]
[WhiteTeamCountry "BRA"]
[BlackTeamCountry "IRL"]

1. c4 e5 2. Nc3 Nf6 3. g3 d5 4. cxd5 Nxd5 5. Bg2 Nb6 6. Nf3 Nc6 7. O-O Be7 8.
d3 Be6 9. Be3 O-O 10. Rc1 Qc8 11. a3 Rd8 12. Ne4 f6 13. Nc5 Bd5 14. Qc2 Bxc5
15. Bxc5 Qe6 16. b4 Rac8 17. Rfe1 Bb3 18. Qb1 Ba2 19. Qa1 Bd5 20. e4 Bb3 21. b5
Nb8 22. d4 exd4 23. Nxd4 Qf7 24. Bh3 N8d7 25. Re3 Ba2 26. Rc2 Nxc5 27. Rxc5 Nd7
28. Rc2 Nf8 29. Bxc8 Rxc8 30. Qxa2 Qxa2 31. Rxa2 1-0

[Event "43. Olimpiada Batumi 2018 Femenina"]
[Site "Batumi GEO"]
[Date "2018.09.30"]
[Round "6.3"]
[White "Lowry-O`Reilly, Hannah"]
[Black "Rothebarth, Ana Vitoria de Paul"]
[Result "1/2-1/2"]
[WhiteElo "1716"]
[BlackElo "2063"]
[PlyCount "63"]
[EventDate "2018.09.24"]
[EventType "team-swiss"]
[EventRounds "11"]
[EventCountry "GEO"]
[SourceTitle "Ajedrez en Madrid"]
[Source "lmi"]
[SourceDate "2018.09.24"]
[WhiteTeam "Ireland"]
[BlackTeam "Brazil"]
[WhiteTeamCountry "IRL"]
[BlackTeamCountry "BRA"]

1. d4 Nf6 2. Nf3 e6 3. e3 b6 4. Bd3 Bb7 5. O-O c5 6. b3 Be7 7. Bb2 d6 8. Nbd2
Nbd7 9. c4 O-O 10. Re1 Re8 11. Rc1 Nf8 12. Qc2 Ng6 13. Ng5 Bf8 14. f4 Rc8 15.
g3 Rc7 16. Re2 d5 17. Rf1 cxd4 18. exd4 dxc4 19. bxc4 Bd6 20. Ndf3 Nf8 21. Ne5
h6 22. Ngf3 Qa8 23. Nd2 Rd8 24. Qb1 N6d7 25. a4 Nf6 26. Qa2 Bb4 27. Nef3 Rcd7
28. Qb1 a5 29. Ne4 Nxe4 30. Bxe4 Bxe4 31. Qxe4 Qxe4 32. Rxe4 1/2-1/2

[Event "43. Olimpiada Batumi 2018 Femenina"]
[Site "Batumi GEO"]
[Date "2018.09.30"]
[Round "6.4"]
[White "Chang, Suzana"]
[Black "Ui Laighleis, Gearoidin"]
[Result "1-0"]
[WhiteElo "2037"]
[BlackElo "1791"]
[PlyCount "93"]
[EventDate "2018.09.24"]
[EventType "team-swiss"]
[EventRounds "11"]
[EventCountry "GEO"]
[SourceTitle "Ajedrez en Madrid"]
[Source "lmi"]
[SourceDate "2018.09.24"]
[WhiteTeam "Brazil"]
[BlackTeam "Ireland"]
[WhiteTeamCountry "BRA"]
[BlackTeamCountry "IRL"]

1. Nf3 d5 2. g3 Nf6 3. Bg2 e6 4. c4 Be7 5. O-O O-O 6. d4 a6 7. Nbd2 c5 8. dxc5
Bxc5 9. cxd5 Nxd5 10. a3 Nd7 11. e4 Ne7 12. b4 Ba7 13. Bb2 Ng6 14. Nc4 b5 15.
Na5 Nf6 16. Qe2 Qe7 17. Nc6 Qd7 18. Rac1 Bb7 19. Rfd1 Qe8 20. Nxa7 Rxa7 21.
Bxf6 gxf6 22. Rc7 a5 23. Rdd7 axb4 24. Rxb7 Rxa3 25. Qxb5 Qc8 26. Rdc7 Qd8 27.
Rc1 b3 28. Rb1 Qc8 29. Rxb3 Qc1+ 30. Qf1 Ra1 31. Rb1 Qxf1+ 32. Bxf1 Raa8 33. h4
Rfc8 34. h5 Nf8 35. Kg2 Ra2 36. R1b2 Ra3 37. e5 Rcc3 38. Be2 Rc5 39. exf6 Rf5
40. Rb8 Rxf6 41. Rd2 Kg7 42. Ne5 Rf5 43. Nc4 Ra7 44. h6+ Kxh6 45. Rxf8 e5 46.
Rg8 e4 47. Rd1 1-0